000 00449nam a22001457a 4500
999 _c122205
_d122205
005 20210506151850.0
008 210506b ||||| |||| 00| 0 eng d
040 _cPK-LaUMT
082 _aRHC 891.4398
_bRAM-C
100 _aRam Lal Nabhawi = رام لعل نابھوی
245 _aChakbast = چکبست /
_cby Ram Lal Nabhawi = رام لعل نابھوی
260 _aNew Dehli :
_bTaraqqi Urdu Bureaue,
_c1992
300 _a191 p.
942 _cBK